Система повышения квалификации педагогов дополнительного образования: теория и технологии (Запись № 3213767)
[ простой вид ]
| 000 -МАРКЕР | |
|---|---|
| контрольное поле | 02508nam0a2200373 i 4500 |
| 001 - ИДЕНТИФИКАТОР ЗАПИСИ | |
| контрольное поле | RU\NLR\bibl\1924482 |
| 005 - ИДЕНТИФИКАТОР ВЕРСИИ | |
| контрольное поле | 20260407093713.0 |
| 010 ## - МЕЖДУНАРОДНЫЙ СТАНДАРТНЫЙ НОМЕР КНИГИ (ISBN) | |
| Номер (ISBN) | 9785434300681 |
| Тираж | 500 |
| 021 ## - НОМЕР ГОСУДАРСТВЕННОЙ РЕГИСТРАЦИИ | |
| Код страны | Российская Федерация |
| Номер | 2012-45061 |
| Номер Листа государственной регистраци | 3314 |
| 035 ## - ДРУГИЕ СИСТЕМНЫЕ НОМЕРА | |
| Идентификатор записи | (NLR Aleph) 001913903 |
| 100 ## - ДАННЫЕ ОБЩЕЙ ОБРАБОТКИ | |
| Данные общей обработки | 20120713d2011 k y0rusy50 ca |
| 101 0# - ЯЗЫК РЕСУРСА | |
| Язык текста, звукозаписи и т.д. | русский |
| 102 ## - СТРАНА ПУБЛИКАЦИИ ИЛИ ПРОИЗВОДСТВА | |
| Страна публикации | Российская Федерация |
| 105 ## - ПОЛЕ КОДИРОВАННЫХ ДАННЫХ: ТЕКСТОВЫЕ МАТЕРИАЛЫ, МОНОГРАФИЧЕСКИЕ | |
| Кодированные данные о монографическом текстовом документе | a ||||||||| |
| 200 1# - ЗАГЛАВИЕ И СВЕДЕНИЯ ОБ ОТВЕТСТВЕННОСТИ | |
| Основное заглавие | Система повышения квалификации педагогов дополнительного образования: теория и технологии |
| Сведения, относящиеся к заглавию | практико-ориентированая монография |
| Первые сведения об ответственности | [Т. К. Голушко, Н. Е. Копытова, Р. И. Кузьмин и др.] |
| Последующие сведения об ответственности | под ред. д.п.н., проф. Л.Н. Макаровой, д.п.н., проф. И.А. Шаршова |
| -- | М-во образования и науки Рос. Федерации, Федер. гос. бюджет. образоват. учреждение высш. проф. образования "Тамб. гос. ун-т им. Г.Р. Державина" |
| 210 ## - ПУБЛИКАЦИЯ, РАСПРОСТРАНЕНИЕ И ДР. | |
| Место издания, распространения и т.д. | Тамбов |
| Имя издателя, распространителя и т. д. | Бизнес - Наука - Общество |
| Дата издания, распространения и т.д. | 2011 |
| 215 ## - ФИЗИЧЕСКАЯ ХАРАКТЕРИСТИКА | |
| Специфическое обозначение материала и объем | 216 с. |
| Размеры | 21 |
| 225 1# - СЕРИЯ | |
| Основное заглавие серии | Дополнительное образование |
| Наименование части | Профильное обучение |
| 320 ## - ПРИМЕЧАНИЯ О НАЛИЧИИ В ДОКУМЕНТЕ БИБЛИОГРАФИИ / УКАЗАТЕЛЯ | |
| Текст примечания | Библиогр.: с. 206-212 (95 назв.) |
| 606 1# - НАИМЕНОВАНИЕ ТЕМЫ КАК ПРЕДМЕТ | |
| Наименование темы | Учреждения дополнительного образования детей |
| Тематический подзаголовок | Преподаватели |
| -- | Повышение квалификации |
| -- | Компетентностный подход |
| Системный номер авторитетной/нормативной записи | 2113624 |
| Идентификатор авторитетной/нормативной записи | RU\NLR\auth\661580623 |
| 686 ## - ИНДЕКСЫ ДРУГИХ КЛАССИФИКАЦИЙ | |
| Индекс | Ч489.514(2)78 |
| 701 #1 - ИМЯ ЛИЦА - АЛЬТЕРНАТИВНАЯ ОТВЕТСТВЕННОСТЬ | |
| Начальный элемент ввода | Голушко |
| Часть имени, кроме начального элемента ввода | Т. К. |
| Расширение инициалов личного имени | Татьяна Константиновна |
| Код отношения | Автор |
| 701 #1 - ИМЯ ЛИЦА - АЛЬТЕРНАТИВНАЯ ОТВЕТСТВЕННОСТЬ | |
| Код отношения | Автор |
| Материалы, к которым относится поле | rus |
| Графика поля | Кириллица |
| Начальный элемент ввода | Копытова |
| Часть имени, кроме начального элемента ввода | Н. Е. |
| Расширение инициалов личного имени | Наталья Евгеньевна |
| Идентификатор авторитетной/нормативной записи | RU\NLR\auth\7740625 |
| Системный номер авторитетной/нормативной записи | 23576 |
| 701 #1 - ИМЯ ЛИЦА - АЛЬТЕРНАТИВНАЯ ОТВЕТСТВЕННОСТЬ | |
| Код отношения | Автор |
| Материалы, к которым относится поле | rus |
| Графика поля | Кириллица |
| Начальный элемент ввода | Кузьмин |
| Часть имени, кроме начального элемента ввода | Р. И. |
| Дополнения к именам, кроме дат | канд. пед. наук, поэт |
| Даты | 1981- |
| Расширение инициалов личного имени | Роман Игоревич |
| Идентификатор авторитетной/нормативной записи | RU\NLR\auth\7798717 |
| Системный номер авторитетной/нормативной записи | 81643 |
| 702 #1 - ИМЯ ЛИЦА - ВТОРИЧНАЯ ОТВЕТСТВЕННОСТЬ | |
| Код отношения | Редактор |
| Материалы, к которым относится поле | rus |
| Графика поля | Кириллица |
| Начальный элемент ввода | Макарова |
| Часть имени, кроме начального элемента ввода | Л. Н. |
| Дополнения к именам, кроме дат | д-р пед. наук |
| Даты | 1955- |
| Расширение инициалов личного имени | Людмила Николаевна |
| Идентификатор авторитетной/нормативной записи | RU\NLR\auth\7728422 |
| Системный номер авторитетной/нормативной записи | 11453 |
| 712 02 - НАИМЕНОВАНИЕ ОРГАНИЗАЦИИ - ВТОРИЧНАЯ ОТВЕТСТВЕННОСТЬ | |
| Код отношения | Прочие |
| Начальный элемент ввода | Тамбовский государственный университет им. Г. Р. Державина |
| Идентификатор авторитетной/нормативной записи | RU\NLR\AUTH\889917219 |
| Системный номер авторитетной/нормативной записи | 330608 |
| 801 #0 - ИСТОЧНИК ЗАПИСИ | |
| Страна | Российская Федерация |
| Организация | NLR |
| Дата составления | 20120713 |
| Правила каталогизации | RCR |
| 801 #1 - ИСТОЧНИК ЗАПИСИ | |
| Страна | Российская Федерация |
| Организация | NLR |
| Дата составления | 20120713 |
| 830 ## - ОБЩЕЕ ПРИМЕЧАНИЕ, СОСТАВЛЕННОЕ КАТАЛОГИЗАТОРОМ | |
| Текст примечания | лица по базе |
| 942 ## - ДОПОЛНИТЕЛЬНЫЕ ЭЛЕМЕНТЫ ЗАПИСИ (АБИС) | |
| Тип экземпляра АБИС | Книга |
| 980 ## - КОЛЛЕКЦИЯ | |
| Название коллекции | НБР |
Нет доступных экземпляров.